| 000 | 00470nam a2200157 a 4500 | ||
|---|---|---|---|
| 005 | 20140412111229.0 | ||
| 008 | 020415s19uu xx 00 eng d | ||
| 020 | _a971-08-3793-1 | ||
| 050 |
_aTR(PS E _bWh55 1983 |
||
| 100 | _aGranowsky, Dr. Alvin | ||
| 245 |
_aWhy Polo is barking? / _cby Dr. Alvin Granowsky; illustrated by Kevin Kramer. |
||
| 260 |
_aPhilippines : _bNational Bookstore Inc, _c1983. |
||
| 300 | _a8 p. ; ill. | ||
| 650 | _aReading | ||
| 999 |
_c102116 _d102116 |
||